Loading...

Water production functions for irrigated agriculture

Bibliographic Details
Main Author: Hexem, R W
Format: Printed Book
Language:Undetermined
English
Published: Iowa Iowa state university press 1978
Subjects:
LEADER 00554nam a2200169Ia 4500
008 140306s9999 xx 000 0 und d
041 |a eng 
082 |a 630  |b HEX/WA 
100 |a Hexem, R W 
245 |a Water production functions for irrigated agriculture 
260 |a Iowa  |b Iowa state university press  |c 1978 
300 |a 215 
365 |b USD.8.95 
650 |a Irrigated farming 
942 |2 ddc  |c BK 
999 |c 117682  |d 117682 
952 |0 0  |1 0  |2 ddc  |4 0  |6 630_000000000000000_HEXWA  |7 0  |9 116606  |a KAUHCV  |b KAUHCV  |d 2002-04-29  |g 8.95  |o 630 HEX/WA  |r 2014-03-22  |w 2014-03-22  |y BK